[Event "Bundesliga 0910"]
[Site "Germany"]
[Date "2009.11.14"]
[Round "3.4"]
[White "Roiz, Michael"]
[Black "Gyimesi, Zoltan"]
[Result "1-0"]
[WhiteElo "2659"]
[BlackElo "2584"]
[Annotator "Roiz,M"]
[PlyCount "165"]
[EventDate "2009.10.16"]
[EventType "team-tourn"]
[EventRounds "15"]
[EventCountry "GER"]
[SourceTitle "CBM 134"]
[Source "ChessBase"]
[SourceDate "2010.01.18"]
[SourceVersion "1"]
[SourceVersionDate "2010.01.18"]
[SourceQuality "1"]
[WhiteTeam "Werder Bremen"]
[BlackTeam "Eppingen"]
[WhiteTeamCountry "GER"]
[BlackTeamCountry "GER"]

{[%mdl 32]} 1. d4 Nf6 2. c4 e6 3. Nf3 d5 4. g3 Bb4+ {Zoltan also plays many
other systems against the Catalan.} 5. Bd2 Be7 6. Bg2 O-O 7. O-O c6 8. Bf4 Nbd7
{This order of moves is becoming more and more popular.} ({The previous game
between us saw} 8... b6 9. Nc3 Ba6 10. cxd5 cxd5 11. Rc1) 9. Qb3 $5 {This move
is less explored than 9.Qc2.} ({The main idea of 8...Nbd7 is to grab the pawn
after} 9. Nc3 dxc4 10. e4 $13) 9... b6 ({Alsoworth considering is:} 9... Nh5
10. Bc1 Nhf6 11. Rd1 b6) 10. Nc3 Ba6 11. cxd5 Nxd5 {No doubt, the strongest
capture.} (11... cxd5 {gives White easy play after} 12. Nb5 Bxb5 13. Qxb5 a6
14. Qd3 b5 15. Rfc1 Qb6 16. Rc2 Rfc8 17. Rac1 Qd8 18. Bc7 Qf8 19. Qe3 $14 {
1-0 Nielsen,P-Chuchelov,V/Germany 2003/EXT 2004 (38)}) ({While} 11... exd5 12.
Rac1 Re8 13. Rfd1 $14 {is not really a type of position which Black would like
to get in this system.}) 12. Qa4 ({Two years ago I tried:} 12. Rfe1 Nxf4 13.
gxf4 Qc7 14. e3 Bb7 15. Rac1 Rac8 16. Red1 Qb8 17. Ne5 Rfd8 18. a4 Nxe5 19.
dxe5 {1/2-1/2 Roiz,M-Almasi,Z/Dresden 2007/CBM 118}) 12... Nxf4 13. gxf4 Bb7
14. Rfd1 Qc7 15. e3 Rac8 (15... c5 16. d5 exd5 17. Nxd5 Bxd5 18. Rxd5 $14) 16.
Rd2 $6 $146 {Doubling the rooks along the d-file doesn't make sense.} ({
Much more natural would be:} 16. Rac1 Qb8 (16... c5 17. Nb5 Bc6 18. Qa6 Bxb5
19. Qxb5 $14) 17. Ne5 $1 {[%csl Rb7,Gg2]} Nxe5 18. dxe5 $14 {1-0 Khalifman,
A-Alekseev,E/St Petersburg 2004/CBM 102/[Ribli] (40)}) 16... Rfd8 17. Rad1 a6 {
A good prophylactic move - Black does not really intend to play ...b6-b5 next
move, but this resource could be very important in the future.} 18. Qc2 {
At this moment I wasn't satisfied with my previous play and couldn't
understand what I was going to do if Black simply played a waiting game!} ({
For instance after} 18. Ne5 Nxe5 19. dxe5 (19. fxe5 b5 20. Qc2 c5 21. d5 exd5
22. Nxd5 Bxd5 23. Rxd5 Rxd5 24. Rxd5 c4 $11) 19... b5 $1 20. Qc2 Rxd2 21. Rxd2
c5 $15) 18... g6 {An unnecessary prophylactic move.} (18... b5 19. Ne5 ({
Maybe Zoltan was preventing} 19. f5 exf5 20. Qxf5 {but I didn't like the
positions which arise after} g6 21. Qh3 Kg7) 19... Nxe5 20. fxe5 c5 21. d5 (21.
Bxb7 Qxb7 22. dxc5 Rxd2 23. Qxd2 Rxc5 24. Qd7 Qxd7 25. Rxd7 Bf8 $11) 21... exd5
22. Bxd5 Bxd5 23. Rxd5 b4 24. Ne4 Rxd5 25. Rxd5 c4 26. Nd6 Bxd6 27. exd6 Qd7
$11) 19. a3 ({White could force Black to play precise moves:} 19. Ne5 $142 Nxe5
20. fxe5 Bb4 $1 (20... c5 21. Bxb7 Qxb7 22. d5 $36) 21. Qe4 Qe7 $11 {[%cal
Gc8c7,Gb4c3,Gc6c5]}) 19... c5 20. d5 {Otherwise Black could seize the
initiative.} exd5 21. Nxd5 Bxd5 22. Rxd5 b5 {That is not a real mistake, but
my opponent understimated my next move.} ({Simpler would be} 22... Nf6 23.
Rxd8+ Rxd8 24. Ne5 Rxd1+ 25. Qxd1 Kg7 $11) 23. Bh3 $1 {After long thought I
came to the conclusion that it's possible to grab the pawn without much risk!}
(23. a4 Nb6 24. Rxd8+ Rxd8 25. Rxd8+ Qxd8 $11) 23... Nb6 ({Of course,} 23... f5
$6 {looks quite ugly, but White may exploit that weakening move only by
accurate play:} 24. a4 Nf6 (24... Kg7 25. Bf1 $16) 25. Rxd8+ Rxd8 26. axb5 axb5
27. Qb3+ Kg7 28. Rxd8 Qxd8 29. Bf1 $1 $14 (29. Qxb5 Qd1+ 30. Kg2 Qd5 $11)) 24.
Bxc8 Rxd5 $6 {Being in some time trouble, Zoltan makes the first mistake.} ({
During the game I had the feeling that Black has enough dynamic play after} 
24... Nxd5 25. Bxa6 Qc6 (25... Qb6 26. Qb3 $8 Qe6 $1 27. h3 Kg7 28. Ng5 Bxg5
29. fxg5 c4 30. Qc2 Qxa6 (30... Qe7 31. h4 Qe6 32. Rd4 Qxa6 33. e4 $11) 31. e4
Qe6 $11) 26. Qb3 (26. Qe4 Bf8 $1 27. Bxb5 $140 $2 Nxe3 $1 $19) 26... Qe6 $1 27.
Ne5 Kg7 $44) 25. Bxa6 ({I rejected} 25. Rxd5 $5 Qxc8 (25... Nxd5 26. Bxa6 Nxe3
27. fxe3 Qc6 28. Bxb5 Qxf3 29. Qe2 $14) 26. Re5 {without much reason.} {
It's practically impossible for a human to play} Kf8 $3 {[%csl Re5,Rg1][%cal
Gc8g4]} (26... Bf6 27. Qxc5 Qg4+ 28. Kf1 Bxe5 29. Nxe5 Qd1+ 30. Kg2 $16) 27.
Kf1 f6 28. Re4 {and even there it's not clear if Black may exploit the ugly
placement of Re4.}) 25... Qc6 (25... Qd7 26. Rxd5 Qg4+ 27. Kf1 Qxf3 28. Re5 $18
) 26. Rxd5 Qxd5 (26... Nxd5 27. Qe4 $16) 27. Kg2 $138 {Pinning myself!} (27.
Ne5 c4 $44) (27. Qe2 c4 28. Nd4 Bc5 $44) 27... c4 28. Qd2 Bf6 $2 {Till now
Black was playing quite well, but this simply gives up the second pawn.} ({
After} 28... Qxd2 29. Nxd2 Bf6 30. Bxb5 Bxb2 31. Nb1 (31. Bxc4 Bxa3 $14) 31...
Kf8 32. Kf3 Ke7 33. Ke2 Kd6 $14 {Black most probably could survive.}) 29. Qxd5
Nxd5 30. Bxb5 Bxb2 31. Bxc4 Nb6 32. Bb3 Bxa3 33. Ne5 $18 {Black loses the
second pawn, so the rest is a simple technical task!} Kg7 34. Nxf7 Nd7 35. Ng5
Nc5 36. Bc2 Bc1 37. h4 Bb2 38. Kg3 Bf6 39. Kg4 Be7 40. h5 Nd7 41. hxg6 hxg6 42.
Nf3 Bb4 43. Nh4 Nf8 44. f5 gxf5+ 45. Bxf5 Kf6 46. f4 Bc3 47. e4 Bb2 48. Nf3 Bc1
49. Nd4 Be3 50. Nc6 Bd2 51. e5+ Kf7 52. Kf3 Bc1 53. Ke4 Bd2 54. Bg4 Nh7 55. Kf5
Kg7 56. Bh5 Bc1 57. Be8 Nf8 58. Nd4 Bd2 59. Nb5 Ba5 60. Nd6 Bd8 61. Ne4 Nh7 62.
Nc3 Bh4 63. Nd5 Bd8 64. Bh5 Kh6 65. Bg6 Nf8 66. Be8 Kg7 67. e6 Nxe6 68. Kxe6
Bh4 69. f5 Bg5 70. f6+ Bxf6 71. Nxf6 Kh8 72. Nd7 Kg7 73. Ne5 Kh8 74. Kf6 Kg8
75. Bd7 Kh8 76. Nf7+ Kh7 77. Bf5+ Kg8 78. Be4 Kf8 79. Bh7 Ke8 80. Ne5 Kd8 81.
Ke6 Kc7 82. Nd7 Kc6 83. Bd3 1-0

[Event "Tata Steel-A 78th"]
[Site "Wijk aan Zee"]
[Date "2016.01.29"]
[Round "11"]
[White "Tomashevsky, Evgeny"]
[Black "Ding, Liren"]
[Result "0-1"]
[WhiteElo "2728"]
[BlackElo "2766"]
[Annotator "Sadorra,J"]
[PlyCount "106"]
[EventDate "2016.01.16"]
[EventType "tourn"]
[EventRounds "13"]
[EventCountry "NED"]
[EventCategory "20"]
[SourceTitle "CBM 171"]
[Source "ChessBase"]
[SourceDate "2016.03.14"]
[SourceVersion "2"]
[SourceVersionDate "2016.03.14"]
[SourceQuality "1"]

1. d4 d5 2. c4 e6 3. Nf3 Nf6 4. g3 Bb4+ 5. Bd2 Be7 6. Bg2 O-O 7. O-O c6 8. Bf4
Nbd7 9. Nc3 dxc4 {Aiming for an imbalanced game, signalling that Black wants
to fight!} ({The other approach is more quiet and solid} 9... Nh5 10. Bc1 Nhf6
11. Qd3 $5 {1/2-1/2 (46) Wojtaszek,R (2733)-Adams,M (2740) Biel SUI 2015, a
recent try at the top-level.} (11. b3 b6 12. Qc2 Bb7 13. Rd1 Rc8 14. e4 $14 {
1-0 (45) Ashwin,J (2472)-Spassov,L (2335) Varna 2013})) 10. e4 Re8 {Black
chooses to prepare himself against the possible central break rather than to
protect his c-pawn, which was tried not too long ago.} ({In the Qatar Masters,
the top Swedish GM challenged White's idea with the risky} 10... b5 $6 11. d5
$1 Qb6 {and even if Black was well prepared in this game, I don't think this
will gain more support in the future as White has different ways to keep the
initiative} 12. Be3 $5 ({also possible is} 12. d6 Bd8 13. b3 $1 $44) 12... Bc5
13. dxc6 Qxc6 14. e5 Nd5 15. Nd4 Qa6 {and White could've increased pressure
with} 16. a4 (16. Nxd5 $142 exd5 17. Nf5 $1 ({maybe White only considered the
forcing} 17. Bxd5 Bb7 {after which Black has no problems}) 17... Bb7 (17... Rb8
18. Qxd5 Bxe3 19. fxe3 $1 {with dangerous threats around the Black king.}) 18.
Qg4 $40 {with a decisive attack, which is no surprise as all Black pieces are
on the other side.}) 16... Nxe3 17. fxe3 {and now Black was able to start
energetic counterplay with} b4 $1 18. Ncb5 Rb8 19. Nc6 Rb6 20. Nc7 Qb7 21. Ne7+
Bxe7 22. Bxb7 Rxb7 23. Nb5 Nxe5 24. Qd4 f6 25. Rad1 Rd7 26. Qe4 Bc5 27. Rxd7
Bxd7 28. Nd4 Bxa4 29. Ra1 Bd7 30. Ra5 Bb6 31. Rxe5 fxe5 32. Qxe5 c3 33. bxc3
bxc3 34. Nxe6 Rf6 35. Nf4 c2 36. Qd5+ Be6 37. Qd2 Bb3 38. Qc3 Rf7 39. Ne2 Bd5
40. h4 h5 41. g4 hxg4 42. h5 g3 43. Qe5 Bf3 44. Nc1 Rf6 45. Nd3 g2 46. h6 Bc6 {
0-1 (46) Matlakov,M (2684)-Grandelius,N (2632) Doha QAT 2015}) 11. a4 b6 12.
Qe2 ({At the time of writing, a new move was tried in a most recent event:} 12.
Re1 a5 $6 (12... Bb4 {may be a safer approach, akin to Vitiugov's handling of
the position.} 13. Qe2 Ba6 14. Rad1 Qe7 $11 (14... Qc8 $5)) 13. Qc2 (13. d5 $1
$146 exd5 14. exd5 Bb7 (14... cxd5 15. Nxd5 Nxd5 16. Qxd5 Ba6 (16... Ra7 17.
Nd4 Bb7 18. Qxb7 $3 Rxb7 19. Nc6 $18) 17. Ng5 $18) 15. d6 Bf8 16. Nd2 {and
White can count on at least enough compensation for his strong d-pawn and
active pieces.}) 13... Ba6 14. Rad1 Bf8 15. h3 Rc8 16. g4 g6 17. d5 cxd5 18. e5
Qc7 19. Bg3 Ne4 20. Nxe4 dxe4 21. Ng5 Nc5 22. Nxe4 Nxe4 23. Rxe4 Red8 24. Red4
Rxd4 25. Rxd4 Rd8 26. Qd2 Rxd4 27. Qxd4 b5 28. axb5 Bxb5 29. Bf4 Bc5 30. Qe4
Qd8 31. Qb7 Be8 32. Bf3 Qh4 33. Be3 Bxe3 34. fxe3 Qg3+ 35. Kf1 Kg7 {0-1 (34)
Sachdev,T (2404)-Stefansson,H (2560) Reykjavik 2015}) 12... Ba6 13. Rfd1 Bb4
14. Ne1 $1 $146 {Up till this game, only the normal & routine Rac1 has been
tried where Black is doing fine. White's positional idea is to quickly
transfer the N to e3 where it controls key squares like d5 & c4, and allows
the g2-bishop to have more influence on the center. Simple but strong!} (14.
Rac1 Rc8 15. b3 $6 {only helps Black increase pressure on the queenside} (15.
Bf1 b5 (15... h6 $5 {a useful waiting move} 16. Ne5 Nxe5 17. dxe5 Nd7 18. Qg4
Bf8 $15 19. Bxh6 $2 Nxe5 $17) 16. axb5 (16. Ne5 Nxe5 17. dxe5 Nd7 18. axb5 Bxb5
(18... cxb5 19. Ra1 $36) 19. Qh5 $44) 16... cxb5 17. e5 Nd5 18. Nxd5 exd5 19.
Nh4 Rc7 20. Nf5 Nf8 21. Bd2 Bxd2 22. Qxd2 Re6 23. Qb4 Rb6 24. Nd6 Bc8 25. Bg2 {
1/2-1/2 (27) Grischuk,A (2760)-Vitiugov,N (2709) Plovdiv 2010}) 15... b5 16.
bxc4 bxc4 17. Ne5 Nxe5 18. dxe5 Nd7 {0-1 (36) Sjugirov,S (2625)-Vitiugov,N 
(2703) Tyumen 2012, and Black's extra material eventually decides the game.})
14... Qc8 {Logically preparing e6-e5 to contest White's central control.} 15.
Nc2 Bf8 16. Ne3 (16. e5 Nd5 {doesn't achieve anything} 17. Ne4 $2 c3 $17) 16...
e5 $1 (16... b5 $2 17. axb5 cxb5 18. e5 $18) ({Black cannot sit and wait} 16...
h6 $6 17. e5 (17. h4 $5 {followed by g4-g5!}) 17... Nd5 18. Nxc4 Nxf4 (18...
Qc7 19. Ne4) 19. gxf4 $16 {with the idea of Ne4, Rac1, and even creating
pressure on the g-file later.}) 17. dxe5 Nxe5 18. Bxe5 Rxe5 19. f4 Re8 20. e5
$14 {It's much easier to play White's position here, but Black's resources
cannot be underestimated. There's a good possibility that Evgeny is still in
his preps, as all of Black's previous moves were quite logical.} Qe6 ({Another
way was} 20... Bc5 21. Kh1 {but Liren probably didn't see the point behind
committing his bishop to c5 right away.}) 21. Kh1 ({The "best player" says the
way to maintain the initiative is} 21. Bf3 $142 $1 {preventing Black's idea in
the game} Nd7 $4 (21... Bc5 22. Kg2 Bxe3 23. Qxe3 Bb7 24. Qd2 $1 $14) 22. Bg4)
21... Nd7 $1 {[%csl Rd3][%cal Gd7c5,Gc5d3] Seems like the best plan is to
quickly transfer the knight to d3.} (21... Rac8 $6 {seems like a solid move to
a spectator, but it doesn't threaten anything and White simply doubles up} 22.
exf6 Qxe3 23. Qxe3 Rxe3 24. Rd7 Rce8 25. Bxc6 (25. Kg1 $2 Bc5 $19) 25... R3e6
26. Bd5 Rxf6 27. Rxa7 Bc8 28. Bxc4 {and Black doesn't have enough compensation
for the pawn.}) (21... Bb4 22. Rd2 Nd7 23. Rad1 Nc5 $6 24. Rd6 $18) 22. Nc2 Nc5
$1 {Black decides to sac a pawn for better piece placement, otherwise he risks
getting squeezed which Catalan players like to do!} (22... Rac8 23. Nd4 Qh6 24.
Nxc6 $1 $16) (22... Bb7 23. Nd4 Qg6 24. Qxc4 $16) 23. Nd4 Qc8 24. Bxc6 (24.
Nxc6 {loses the thread, after} Bb7 25. Nd4 Nd3 {[%csl Rd4,Re5][%cal Gf7f6]
Black is slowly taking over the intiative.}) 24... Nd3 $5 {Consistently
pursuing active play.} (24... Bb7 {may objectively be the safer way to equalise
} 25. Qg2 (25. Qf3 Bxc6 26. Nxc6 Qb7) 25... Bxc6 26. Nxc6 Qb7 27. Nb5 {but
White still keeps some pressure.}) 25. Qf3 Rb8 (25... Bc5 $1 26. Bxe8 Qxe8 (
26... Bxd4 $5 27. Rxd3 $1 cxd3 28. Bxf7+ Kxf7 29. Qd5+ Ke7 $1 (29... Kf8 30.
Qxd4 Bb7+ 31. Kg1 Qc6 32. Qd6+ $14) 30. Qxd4 Bb7+ 31. Kg1 Qc6 32. Qd6+ Qxd6 33.
exd6+ Kxd6 34. Rd1 Ba6 35. Nb5+ Bxb5 36. axb5 Kc5 {and the game should end in
a draw.}) 27. Ndb5 Nf2+ 28. Kg2 Qc8 $1 $44) 26. Rd2 Bb7 27. Rf1 Rd8 {At this
tense moment of the game, both sides try their best to thread their way
through by finding moves that keep the balance and it's inevitable for small
inaccuracies to crop up here and there.} 28. Bxb7 $6 {Allowing Black to
coordinate his pieces more.} ({It was better to keep the tension with} 28. Ncb5
a6 29. Na7 $1 {may it's this idea that escaped White} Qh3 30. Bxb7 Rxb7 31.
Nac6 $13 {with a complex game.}) 28... Rxb7 29. Nf5 Rc7 (29... Rbd7 $1 30. Ne4
Nc5 31. Ned6 Qa6 $15 {[%csl Ra4,Rd6,Rf5][%cal Gg7g6,Ga6a4]}) 30. Ne3 (30. Nb5
$5 Qxf5 31. Nxc7 Rd7 32. Nd5 (32. Nb5 $2 Ne1 $19) (32. g4 $5 Qg6 33. Nd5 Qe6)
32... Qe6 33. Nc3 (33. Ne3 Nxe5 $1) 33... Nxe5 34. Qe3 Qc6+ 35. Rg2 Nd3 $44 {
with a dynamically balanced game.}) 30... Qe6 (30... Rcd7 $5 31. Ne4 Ne1 32.
Rxe1 Rxd2 33. Nxd2 Rxd2 34. f5 $132) 31. Ne4 h6 $1 {A nice prophylactic move.}
32. Rc2 Rcc8 33. Re2 a6 34. g4 Nc5 35. Nc3 Rd3 36. Qg2 Rcd8 {Clearly it is
Black who has improved his position more in the past several moves.} 37. f5 $6
({Maybe it was better to prepare the push with} 37. Nc2) 37... Qxe5 38. Nxc4
Qf6 39. Ne5 R3d6 40. Nf3 {Material is still balanced but it's White's slightly
exposed king which will be a problem for a while.} b5 $5 {A nice practical
decision by Liren who executes another dynamic pawn sac aimed to maximise the
activity of his pieces!} (40... Rc8 41. h4 Qd8 $1 {I like this regrouping idea!
} 42. g5 h5 $15) 41. axb5 axb5 42. Nxb5 Rd1 43. Nc3 Rxf1+ 44. Qxf1 Qc6 45. Re3
Rb8 46. Qg2 Qa6 (46... Na4 $5 47. Nxa4 (47. Nd2 Qa6 $15) 47... Qxa4 $17 {
the b-pawn will eventually fall after which everybody shifts their attention
to the unsafe white king.}) 47. Ne4 $6 {Not the most solid way to continue but
it's almost impossible to correctly defend this position in practice.} (47. h3
Nd3 $6 {is hasty due to} 48. Qf1 $1 Rd8 49. Ne4 (49. Ne1 Qa8+) 49... Qc4 50.
Ne1 $11) 47... Nxe4 48. Rxe4 Rb3 $1 $17 {[%csl Rb2,Rf3,Rh1][%cal Ga6b7,Rb7b2,
Rb7f3,Rb3b2] With the idea of doubling up on the b-file while combining
pressure on White's kingside.} 49. Re1 Qb5 50. Nd4 Qb4 51. Qe4 (51. Nxb3 Qxe1+
52. Qg1 Qe4+ 53. Qg2 Qb1+ 54. Qg1 Qd3 $19) 51... Rxb2 52. f6 Qd6 53. Qe5 Rb1 $1
{A nice tactic to finish off some strong dynamic play!} 0-1

[Event "Continental Class-ch 5th"]
[Site "Virginia"]
[Date "2016.06.19"]
[Round "4"]
[White "Sadorra, Julio Catalino"]
[Black "Sukandar, Irine Kharisma"]
[Result "1-0"]
[WhiteElo "2535"]
[BlackElo "2419"]
[Annotator "Sadorra,J"]
[PlyCount "77"]
[EventDate "2016.06.17"]
[EventType "swiss"]
[EventRounds "5"]
[EventCountry "USA"]
[SourceTitle "CBM 173"]
[Source "ChessBase"]
[SourceDate "2016.07.12"]
[SourceVersion "1"]
[SourceVersionDate "2016.07.12"]
[SourceQuality "1"]

{This game was played in the penultimate round. I was facing the sole leader
of the event, so it was crucial that I created winning chances to get a good
shot at 1st place going into the last round.} 1. d4 d5 2. c4 e6 3. Nf3 Nf6 4.
Nc3 Be7 5. g3 O-O 6. Bg2 c6 7. O-O Nbd7 8. Qd3 Re8 $6 {I think my opponent was
trying to take me out of standard Catalan positions. It's a good idea to do so
in general, but it's not so effective when the opponent can play normal moves
without any risk.} (8... b6 9. Rd1 Ba6 (9... Bb7 10. Bf4) 10. b3 {leads to
standard Catalan positions.}) 9. Rd1 {I decided to prepare things before
changing the structure.} (9. e4 dxe4 10. Nxe4 Nxe4 11. Qxe4 c5 $5 (11... Nf6
12. Qe2 Qa5 13. Bf4 Bd7 {is better for White but Black is very solid.}) 12. Rd1
Qc7 13. b3 (13. Bf4 Qb6) 13... Nf6 14. Qe2 cxd4 15. Nxd4 a6 16. Bf4 Qb6 $14)
9... Bb4 {Another non-standard idea which I met with the same approach of
playing useful moves.} (9... b6 10. e4 dxe4 11. Nxe4 Nxe4 12. Qxe4 Bb7 13. Bf4
{transposing to one of those Catalan lines where Black has wasted a tempo on ..
.Re8.}) 10. a3 {Questioning the B's main intention.} Ba5 (10... Bxc3 11. Qxc3
b6 12. Bf4 Bb7 13. Ne5 $16 {with the bishop pair and more space for nothing.})
11. Bf4 {Not changing the structure with b4 and playing useful moves first.}
Nf8 {Planning ...Ng6 to dislodge my bishop on f4, therefore I have to do
something active now.} 12. b4 Bc7 13. Bxc7 Qxc7 14. e4 dxe4 15. Nxe4 Nxe4 16.
Qxe4 Bd7 17. c5 $1 {A typical operation in these types of position. During the
game, I was thinking this I'm getting a better version of Alekhine-Asztalos,
1927.} (17. Qe2 $5 {or}) (17. Qc2 {were more cunning, as after} Rad8 18. c5 {
threatens 2 ways of getting a knight on d6. But I didn't see anything wrong
with the direct way of doing it.}) 17... f6 {Preventing the manoeuvre
Ne5-c4-d6.} 18. Nd2 Ng6 $6 {I wasn't sure about my opponent's exact defensive
idea but it seemed to me that it just gives up on the positional struggle over
the d6-outpost.} ({A more stubborn defence was} 18... b5 19. a4 (19. Qe2 f5 20.
a4) 19... Rab8 (19... a6 20. Ra3 $1 {a standard positional operation of taking
over a file} Qb7 21. Rda1 Ng6 22. Nb3 Ne7 $2 23. axb5 axb5 24. Na5 Qc7 (24...
Qc8 25. Nxc6 $1 Bxc6 26. Rxa8) 25. Nxc6 $1 Bxc6 26. Qxe6+ Kf8 27. Rxa8 $18) 20.
Nb3 Ng6 {and White still has plenty of work to do.} (20... bxa4 21. Rxa4 Rec8
22. Rda1 Rb7 23. Na5 Rb5 24. Nc4 $16) 21. Na5 Ne7) 19. Nc4 e5 $6 {Only helps
White as it gives me a second weakness to attack.} ({But it's also difficult
to recommend other ideas for Black} 19... Ne7 20. Nd6 Rf8 21. Bh3 {is almost
winning.} f5 22. Qe5 Nc8 (22... Nd5 23. Bg2) 23. Nxf5 $1 Qxe5 24. dxe5 exf5 25.
Rxd7 $18) 20. Nd6 Rf8 21. d5 {Creating tactical motifs against the poorly
placed enemy pieces.} (21. dxe5 {also looks good but when I checked it
concretely during the game, Black seems to be holding} Nxe5 22. f4 Nf7 23. Qc4
Rad8 24. Re1 Bc8) 21... Kh8 (21... f5 22. Qc4 {transposes to the game.}) 22.
Qc4 (22. Nxb7 {is tempting but} f5 $1 (22... Qxb7 23. dxc6) 23. Qf3 e4 {
ends in Black's favour.}) 22... f5 (22... cxd5 23. Bxd5 {is just crushing in
different ways.}) 23. Nf7+ {The right way to execute the discovery tactic.} (
23. dxc6 $2 Bxc6 {and f7 is covered.}) 23... Rxf7 (23... Kg8 24. Ng5 {should
win, among others.}) 24. d6 Be6 {Here, I took my time to compare my options.} (
{The attempt to trap the queen also must be checked:} 24... Qc8 25. Qxf7 Be6
26. Qc7 $18) 25. dxc7 ({The other option} 25. Qxe6 Qd7 26. Qxd7 Rxd7 27. b5 Rc8
28. bxc6 bxc6 29. Rab1 Kg8 30. Rb4 {is of course also better for White, but
the other candidate move is more forcing and devastating, but that's if you're
convinced by your analysis!}) 25... Bxc4 26. Rd8+ Rf8 27. Rad1 Bd5 $1 {This
defensive idea must be foreseen before playing dxc7.} 28. Rxa8 Rxa8 29. Bxd5
cxd5 30. Rxd5 Rg8 {When I first calculated this position I thought that at
least Black is holding, if not better, say after 31.Rd8 Ne7 32.b5 Nc8... But
after another check, I felt like looking for a study-like idea. After 10
minutes of checking (ofcourse before playing 25.dxc7) I found something:} 31.
Rd7 $3 {This quiet rook move is like a cold-blooded assassin that just entered
the building. The main idea is to paralyse (or dominate if you like) Black's
kingside pieces while the queenside pawns march down the board!} h5 32. b5 Kh7
(32... h4 {only helps White} 33. gxh4 $1 Kh7 (33... Nxh4 34. Rd8) 34. h5 {
with Rd8 next.}) 33. a4 Rc8 {Black threatens ...Nf8.} ({There's really no
other try:} 33... Kh6 34. Rd8 Ne7 35. Rxg8 Nxg8 36. c8=Q $18) (33... b6 34.
cxb6 axb6 35. a5 bxa5 36. b6 a4 37. b7 $18) 34. b6 {The rest is a display of
pawn power.} axb6 35. cxb6 h4 36. a5 h3 37. Rd8 Ne7 38. Rxc8 Nxc8 39. a6 {
...and Black resigned.} 1-0